| 000 | 01070nam a22001937a 4500 | ||
|---|---|---|---|
| 003 | JO-AjAnu | ||
| 005 | 20240430092317.0 | ||
| 008 | 240408b jo ||||| |||| 00| 0 ara d | ||
| 040 |
_aJO-AjAnu _canu |
||
| 041 | 1 | _hara | |
| 100 |
_aعنانزة، سلوى محمود حسن _eمعد _965347 |
||
| 245 |
_aمهارات تقرير المصير ، وعلاقتها بجودة الحياة لدى الطلبة ذوي صعوبات التعلم من وجهة نظر أولياء أمورهم = Self-Determination Skills and their Relationship to the Quality of Life of Students with Learning Disabilities from the Point of View of Their Parents / _cاعداد سلوى محمود حسن عنانزة ؛ اشراف إلهام مصطفى القصيرين |
||
| 260 | _c2023 | ||
| 300 | _a120 ورقة | ||
| 500 | _aرسالة جامعية (ماجستير) تخصص صعوبات التعلم / جامعة عجلون الوطنية، 2023 | ||
| 650 | 7 | _vصعوبات التعلم | |
| 700 | 0 |
_aإلهام مصطفى القصيرين _eمشرف _964898 |
|
| 942 |
_2lcc _cTHS _n0 |
||
| 999 |
_c33445 _d33445 |
||